000 01936nam0a2200385 4500
001 RU\NLR\bibl\1366876
005 20260405104038.0
010 _a978-5-93295-444-7
_92000
021 _aRU
_b2009-17592
_91043
035 _a(nilc)RSL-KNO-004260133
035 _a(NLR Aleph) 001359030
090 _a969315
_c969315
100 _a20090311d2009 |||y0rusy50 ca
101 0 _arus
_aeng
102 _aRU
105 _ay zzzz|||||
200 1 _aАмериканское уголовное доказательственное право
_eангло-русский словарь-справочник
_fЩербаков С. В.
210 _aМосква
_cЮрлитинформ
_d2009
215 _a110, [2] с.
_cтабл.
_d20
225 1 _aБиблиотека международного права
320 _aБиблиогр. в примеч.: с. 98-111 (194 назв.)
320 _aУказ. судеб. решений: с. 96-97
606 1 _aДоказывание в уголовном процессе
_jСловари
_yСоединенные Штаты Америки
_92431200
_3RU\NLR\auth\661447072
606 1 _aАнглийский язык
_xТерминология правовая
_xСловари
_xРусский язык
_9970867
_3RU\NLR\auth\6645291
610 0 _aГосударство и право. Юридические науки -- Уголовный процесс -- США -- Доказательства -- Терминологический словарь
686 _aХ893.9(7США)4я212
_2rubbk
686 _aХ893.9(7США)4я21
686 _aШ143.21-491терм
700 1 _4070
_8rus
_7ca
_aЩербаков
_bС. В.
_cканд. психол. наук
_gСергей Витальевич
_3RU\NLR\auth\7739597
_922581
801 0 _aRU
_bРКП
_c20090311
_grcr
801 1 _aRU
_bРГБ
_c20090311
801 2 _aRU
_bNLR
_c20090507
_grcr
942 _cBOOK
980 _aNB